Επαναπροσδιορίζοντας τα όρια : κοινωνικές σχέσεις μεταναστών, μεταναστριών και "τοπικού πληθυσμού" στη Λέσβο : μεταπτυχιακή διατριβή
Η εργασία ασχολίται με τις κοινωνικές σχέσεις μεταναστών και τοπικού πληθυσμού της Λέσβου και πως αυτές οι σχέσεις (κοινωνικά όρια) αλλάζουν με το πέρασμα του χρόνου και την αλλαγή των συνθηκών....
Αποθηκεύτηκε σε:
| Κύριος συγγραφέας: | |
|---|---|
| Συγγραφή απο Οργανισμό/Αρχή: | |
| Μορφή: | Thesis Βιβλίο |
| Γλώσσα: | Greek |
| Δημοσίευση: |
2012.
|
| Θέματα: | |
| Διαθέσιμο Online: | http://hdl.handle.net/11610/11199 |
| Ετικέτες: |
Προσθήκη ετικέτας
Δεν υπάρχουν, Καταχωρήστε ετικέτα πρώτοι!
|
MARC
| LEADER | 00000cam a2200000 a 4500 | ||
|---|---|---|---|
| 001 | 1/110275 | ||
| 008 | 160310s2012####gr | ||| |||| ||gre|| | ||
| 040 | |a GR-MyUa |b gre |c GR-MyUa |e AACR2 | ||
| 041 | 0 | |a gre | |
| 082 | 7 | |a 305.8 |2 (23) | |
| 100 | 1 | |a Ανδρίκος, Παναγιώτης. | |
| 245 | 1 | 0 | |a Επαναπροσδιορίζοντας τα όρια : |b κοινωνικές σχέσεις μεταναστών, μεταναστριών και "τοπικού πληθυσμού" στη Λέσβο : μεταπτυχιακή διατριβή / |c Ανδρίκος Παναγιώτης ; επιβλέπων καθηγητής: Θ. Ιωσηφίδης. |
| 260 | |c 2012. | ||
| 300 | |a 187 σ. ; |c 24 εκ. | ||
| 502 | |a Διατριβή (μεταπτυχιακή) – Πανεπιστήμιο Αιγαίου, Λέσβος, 2012. | ||
| 506 | 0 | |a Ηλεκτρονική διάθεση στο πλήρες κείμενο - ελεύθερης πρόσβασης. | |
| 520 | 8 | |a Η εργασία ασχολίται με τις κοινωνικές σχέσεις μεταναστών και τοπικού πληθυσμού της Λέσβου και πως αυτές οι σχέσεις (κοινωνικά όρια) αλλάζουν με το πέρασμα του χρόνου και την αλλαγή των συνθηκών. | |
| 650 | 0 | |a Immigrants |z Greece |z Lesbos (Municipality) | |
| 650 | 0 | |a Immigrants |z Greece |z Lesbos (Municipality) |x Social conditions. | |
| 650 | 0 | |a Immigrants |x Interviews. | |
| 700 | 1 | |a Ιωσηφίδης, Θεόδωρος, |e dgs | |
| 710 | 2 | |a Πανεπιστήμιο Αιγαίου |b Σχολή Κοινωνικών Επιστημών |b Τμήμα Γεωγραφίας |b Μεταπτυχιακό Πρόγραμμα Σπουδών Γεωγραφία και Εφαρμοσμένη Γεωπληροφορική. | |
| 852 | |a INST |b LESVOS |c DIATR |e 20160310 |h 275 |p 005100057393 |q 005100057393 |t MTXE |y 23 | ||
| 852 | |a INST |b LESVOS |c DIATR |e 20160310 |h 276 |p 005100057394 |q 005100057394 |t MTXE |y 23 | ||
| 856 | |u http://hdl.handle.net/11610/11199 | ||
| 924 | |a Ανδρίκος |b Παναγιώτης |y Λέσβος |z 2013-12 | ||
| 970 | |a Τζαφέρη |b Ευαγγελία |z 10-03-2016 | ||